Ütközet a Kozarán [elbeszélés] /
Elmentve itt :
| Szerző: | |
|---|---|
| További közreműködők: | |
| Dokumentumtípus: | Cikk |
| Megjelent: |
1948
|
| Sorozat: | Tiszatáj
2 No. 4 |
| Kulcsszavak: | Szerb irodalom - novella |
| Online Access: | http://tiszataj.bibl.u-szeged.hu/2587 |
| LEADER | 00611nab a2200193 i 4500 | ||
|---|---|---|---|
| 001 | tisza2587 | ||
| 005 | 20200330114435.0 | ||
| 008 | 161019s1948 hu o 0|| hun d | ||
| 022 | |a 0133-1167 | ||
| 040 | |a SZTE Tiszatáj Archívum |b hun | ||
| 041 | |a hun | ||
| 100 | 1 | |a Ćopić Branko | |
| 245 | 1 | 0 | |a Ütközet a Kozarán |h [elektronikus dokumentum] : |b [elbeszélés] / |c Ćopić Branko |
| 260 | |c 1948 | ||
| 300 | |a 82-85 | ||
| 490 | 0 | |a Tiszatáj |v 2 No. 4 | |
| 695 | |a Szerb irodalom - novella | ||
| 700 | 0 | 1 | |a Német Lajos |
| 856 | 4 | 0 | |u http://tiszataj.bibl.u-szeged.hu/2587/1/tiszataj_1948_004_082-085.pdf |z Dokumentum-elérés |